[Event "Online Olym Div2 B 2020"]
[Site "chess.com INT"]
[Date "2020.08.14"]
[Round "2.2"]
[Board "3"]
[White "Berzina, Ilze"]
[Black "Froewis, Annika"]
[Result "1-0"]
[WhiteTitle "WGM"]
[BlackTitle "WFM"]
[WhiteElo "2192"]
[BlackElo "2136"]
[WhiteTeam "Latvia"]
[BlackTeam "Austria"]
[WhiteFideId "11601345"]
[BlackFideId "1621432"]
[EventDate "2020.08.14"]
[EventType "team"]

1. e4 e5 2. Nf3 Nc6 3. Bb5 a6 4. Ba4 Nf6 5. O-O b5 6. Bb3 Bc5 7. d3 d6 8. a3 Bg4
9. c3 h6 10. Be3 Bxe3 11. fxe3 O-O 12. Qe1 d5 13. exd5 Nxd5 14. Nbd2 Kh8 15. Qf2
Bh5 16. d4 exd4 17. cxd4 Qd7 18. e4 Nf4 19. d5 Nb8 20. Kh1 Qe7 21. e5 Nd7 22.
Qd4 Bxf3 23. Nxf3 Ng6 24. Rae1 Rad8 25. Bc2 Nb6 26. d6 Qe6 27. Qc5 Nd7 28. Qd4
c5 29. Qe3 Rfe8 30. Bxg6 Qxg6 31. Qf4 Re6 32. Nh4 Qh5 33. Qxf7 Qxf7 34. Rxf7 Kg8
35. Re7 Rxe7 36. dxe7 Re8 37. Nf5 g6 38. Nxh6+ Kg7 39. Ng4 Rxe7 40. h4 c4 41.
Kh2 Nc5 42. Kg3 Kf7 43. Re2 Ke6 44. Kf4 Rd7 45. Kg5 Rd4 46. Nf6 Kf7 47. g4 Ne6+
48. Kh6 Rd8 49. Rf2 Rh8+ 50. Nh7+ Ke7 51. Kxg6 Rg8+ 52. Kh5 Ng7+ 53. Kh6 a5 54.
Nf6 Rh8+ 55. Kxg7 Rxh4 56. g5 b4 57. axb4 axb4 58. g6 c3 59. bxc3 bxc3 60. Nd5+
Ke6 61. Nxc3 Kxe5 62. Kf7 Kd4 63. g7 Kxc3 64. g8=Q 1-0

[Event "Online Olym Div2 B 2020"]
[Site "chess.com INT"]
[Date "2020.08.14"]
[Round "2.2"]
[Board "4"]
[White "Novkovic, Julia"]
[Black "Rogule, Laura"]
[Result "0-1"]
[WhiteTitle "WFM"]
[BlackTitle "WGM"]
[WhiteElo "2170"]
[BlackElo "2297"]
[WhiteTeam "Austria"]
[BlackTeam "Latvia"]
[WhiteFideId "12000086"]
[BlackFideId "11601876"]
[EventDate "2020.08.14"]
[EventType "team"]

1. e4 c5 2. Nc3 Nc6 3. Nf3 e5 4. Bc4 d6 5. d3 Be7 6. Nd2 Nf6 7. Nf1 Bg4 8. f3
Be6 9. Ne3 Nd4 10. O-O O-O 11. Ncd5 Nxd5 12. Bxd5 Qd7 13. c3 Nc6 14. a4 Bg5 15.
Bxe6 fxe6 16. Ng4 Bxc1 17. Qxc1 Qe7 18. Qd2 Rf7 19. Rae1 Raf8 20. Qf2 Qg5 21.
Qg3 Kh8 22. Ne3 Qh6 23. Re2 Rf4 24. Ng4 Qh5 25. Nf2 R8f6 26. Nh3 Rh4 27. Nf2 Ne7
28. Ng4 Rf8 29. Qe1 Ng6 30. g3 Rh3 31. Rg2 Qg5 32. Qe3 Qe7 33. Nf2 Rh5 34. Ng4
b6 35. b3 Rg5 36. Rb1 Rh5 37. Rf1 Rf7 38. Qe2 Qg5 39. Qe3 Ne7 40. Qxg5 Rxg5 41.
h4 Rg6 42. Ne3 Rgf6 43. Rgf2 Nc6 44. Kg2 Rf8 45. Ng4 R6f7 46. Ne3 Kg8 47. Nc4 d5
48. Nd2 d4 49. cxd4 Nxd4 50. Rc1 Nc6 51. Rc3 Rd8 52. Nc4 Rfd7 53. Rd2 Rd4 54.
Kf2 Kf7 55. Ke3 Kf6 56. f4 exf4+ 57. gxf4 Nb4 58. Ne5 Ke7 59. h5 R8d6 60. Rg2
Kf8 61. Rd2 Rd8 62. Rc4 R4d6 63. Rc1 Rd4 64. Rg1 R4d6 65. Rg5 Nc6 66. Nxc6 Rxc6
67. e5 Rc7 68. f5 exf5 69. Rxf5+ Ke7 70. Rf4 Ke6 71. Re4 Rcd7 72. Kf4 Rxd3 73.
Rg2 Rf8+ 74. Kg5 Rxb3 75. Kh4 Rf7 76. Rd2 Rb4 77. Rd6+ Kf5 78. Rxb4 cxb4 79. e6
Re7 80. h6 gxh6 81. a5 Rxe6 82. Rd7 bxa5 83. Rxa7 Re5 84. Rxh7 Kg6 85. Rb7 Re4+
86. Kg3 a4 87. Kf3 Rc4 88. Ke3 h5 89. Kd3 Rg4 90. Rb6+ Kg5 91. Rb5+ Kh4 92. Ra5
a3 93. Ke3 Rg3+ 94. Kf2 Rc3 95. Ra4 Rb3 96. Kg2 Kg4 97. Ra8 Rb2+ 98. Kf1 a2 0-1

[Event "Online Olym Div2 B 2020"]
[Site "chess.com INT"]
[Date "2020.08.14"]
[Round "2.2"]
[Board "5"]
[White "Batashevs, Arsens"]
[Black "Blohberger, Felix"]
[Result "0-1"]
[BlackTitle "IM"]
[WhiteElo "2149"]
[BlackElo "2467"]
[WhiteTeam "Latvia"]
[BlackTeam "Austria"]
[WhiteFideId "11603593"]
[BlackFideId "1632051"]
[EventDate "2020.08.14"]
[EventType "team"]

1. Nf3 d5 2. e3 Nf6 3. b3 Bf5 4. Bb2 e6 5. c4 c6 6. Be2 h6 7. Nc3 Be7 8. O-O O-O
9. cxd5 cxd5 10. Nd4 Bh7 11. f4 Nc6 12. Nxc6 bxc6 13. Na4 Nd7 14. Rc1 c5 15. Bb5
Rc8 16. Qg4 Nf6 17. Bxf6 Bxf6 18. Nxc5 Bf5 19. Qe2 Bb2 20. d4 Bxc1 21. Rxc1 Qe7
22. b4 Rc7 23. a4 f6 24. Bd3 Bxd3 25. Qxd3 Qd6 26. Qg6 Qb6 27. Rb1 Qd6 28. Kf2
e5 29. dxe5 Qe7 30. exf6 Rxf6 31. Qd3 Rd6 32. Qd4 Rd8 33. a5 Rc6 34. g3 h5 35.
h4 Rg6 36. Nd3 Rc6 37. Nc5 Kh8 38. Rd1 Re8 39. Rd3 Rcc8 40. Qxd5 Rcd8 41. Qxh5+
Kg8 42. Rxd8 Rxd8 43. Qf5 Kh8 44. h5 Qd6 45. Qc2 Qd5 46. h6 gxh6 47. Ne4 Qf7 48.
Kf3 Qh5+ 49. Kg2 Qg6 50. Qc3+ Qg7 51. Qc5 Re8 52. Kf3 Rd8 53. g4 Rg8 54. Qh5 Rf8
55. g5 Kh7 56. Nf6+ Kh8 57. Ng4 Qxg5 58. Qxh6+ Qxh6 59. Nxh6 Rb8 60. e4 Rxb4 61.
f5 Rb5 62. Kf4 Kg7 63. Ng4 Rxa5 64. f6+ Kg6 65. e5 Ra4+ 66. Kf3 Ra3+ 67. Kf4
Ra4+ 68. Kf3 Kf7 69. Kg3 a5 70. Kh4 Rf4 71. Kg5 Rf1 72. Ne3 Rf3 73. Nc2 a4 74.
e6+ Kf8 75. Nd4 Re3 76. e7+ Kf7 77. Nf5 Re5 78. Kf4 Rxf5+ 79. Kxf5 a3 80. Ke5 a2
81. Kd6 a1=Q 82. Kd7 Qd4+ 83. Kc8 0-1

[Event "Online Olym Div2 B 2020"]
[Site "chess.com INT"]
[Date "2020.08.14"]
[Round "2.2"]
[Board "6"]
[White "Polterauer, Chiara"]
[Black "Golsta, Ramona"]
[Result "0-1"]
[WhiteTitle "WFM"]
[WhiteElo "2178"]
[BlackElo "1708"]
[WhiteTeam "Austria"]
[BlackTeam "Latvia"]
[WhiteFideId "1638165"]
[BlackFideId "11607394"]
[EventDate "2020.08.14"]
[EventType "team"]

1. e4 c5 2. Nf3 g6 3. d4 cxd4 4. Nxd4 Bg7 5. c4 Nc6 6. Be3 Nf6 7. Nc3 d6 8. f3
O-O 9. Qd2 a6 10. Be2 Qc7 11. O-O Bd7 12. Rac1 Rfb8 13. Kh1 Nxd4 14. Bxd4 Be6
15. Nd5 Bxd5 16. cxd5 Qd7 17. Bb6 Rc8 18. Bc4 Qe8 19. Bb3 Nd7 20. Ba4 e6 21.
dxe6 Qxe6 22. Bb3 Qe5 23. Bc7 Nc5 24. Bxd6 Nxb3 25. axb3 Qxb2 26. Qxb2 Bxb2 27.
Rc4 Rxc4 28. bxc4 Rc8 29. c5 Ba3 30. h4 Bxc5 31. Rc1 b6 32. e5 Kg7 33. f4 f6 34.
g4 fxe5 35. fxe5 Kf7 36. Kg2 Ke6 37. Kf3 a5 38. Ke4 Kd7 39. Rd1 Ke6 40. Rc1 Rc6
41. Bb8 a4 42. Ra1 a3 43. Bd6 Bxd6 44. exd6 Kxd6 45. Rxa3 Rc4+ 46. Kf3 b5 47. h5
b4 48. Rb3 Rc3+ 49. Rxc3 bxc3 50. Ke3 Kc5 51. Kd3 Kb4 52. Kc2 Kc4 53. hxg6 hxg6
54. Kc1 g5 55. Kc2 Kd4 56. Kc1 Ke4 57. Kc2 Kf4 58. Kxc3 Kxg4 59. Kd3 Kf3 0-1

[Event "Online Olym Div2 B 2020"]
[Site "chess.com INT"]
[Date "2020.08.14"]
[Round "2.3"]
[Board "1"]
[White "Bologan, Victor"]
[Black "Kulpruethanon, Thanadon"]
[Result "1-0"]
[WhiteTitle "GM"]
[BlackTitle "FM"]
[WhiteElo "2574"]
[BlackElo "2282"]
[WhiteTeam "Moldova"]
[BlackTeam "Thailand"]
[WhiteFideId "13900048"]
[BlackFideId "6201610"]
[EventDate "2020.08.14"]
[EventType "team"]

1. e4 c5 2. Nf3 Nc6 3. Bb5 g6 4. Bxc6 dxc6 5. h3 Bg7 6. d3 Nf6 7. Nc3 Nd7 8. Be3
e5 9. Qd2 h6 10. O-O b6 11. Nh2 Nf6 12. b3 Be6 13. Rae1 g5 14. Ne2 Nh5 15. Ng3
Nf4 16. Nf5 Rg8 17. Ng4 Qc7 18. Ngxh6 Bxh6 19. Nxh6 Rh8 20. Ng4 O-O-O 21. f3 Kb7
22. Qc3 Rd4 23. a3 Qd6 24. Bxd4 cxd4 25. Qb4 c5 26. Qd2 Bxg4 27. fxg4 f6 28. Rf3
Qc6 29. Ref1 Qd7 30. a4 a5 31. Kf2 Qc6 32. Ke1 c4 33. g3 cxd3 34. cxd3 Nxh3 35.
Rxf6 Qc8 36. R6f5 Ka6 37. Ke2 Rh6 38. Qc1 Rc6 39. Qa1 Rc2+ 40. Kd1 Rg2 41. Qc1
Qxc1+ 42. Kxc1 Rxg3 43. R5f3 Rxf3 44. Rxf3 Nf4 45. Kd2 b5 46. Rf1 bxa4 47. bxa4
Kb6 48. Rb1+ 1-0

[Event "Online Olym Div2 B 2020"]
[Site "chess.com INT"]
[Date "2020.08.14"]
[Round "2.3"]
[Board "2"]
[White "Khumnorkaew, Tupfah"]
[Black "Iordachescu, Viorel"]
[Result "0-1"]
[BlackTitle "GM"]
[WhiteElo "2099"]
[BlackElo "2589"]
[WhiteTeam "Thailand"]
[BlackTeam "Moldova"]
[WhiteFideId "6202071"]
[BlackFideId "13900200"]
[EventDate "2020.08.14"]
[EventType "team"]

1. c4 Nf6 2. Nc3 g6 3. e4 d6 4. d4 Bg7 5. Nf3 O-O 6. Be2 Nbd7 7. O-O e5 8. d5
Nc5 9. Bg5 a5 10. b3 h6 11. Bxf6 Qxf6 12. Nd2 h5 13. a3 Bh6 14. Rb1 Bd7 15. b4
axb4 16. axb4 Na4 17. Nxa4 Rxa4 18. c5 dxc5 19. bxc5 Rd4 20. Rb2 Qe7 21. Qc1 Bc8
22. Qc3 Rd8 23. Bd3 Bxd2 24. Rxd2 h4 25. Rb2 h3 26. g3 Ra4 27. Rd1 Bg4 28. Re1
Qf6 29. Bc2 Rd4 30. Bb1 Ra8 31. Qe3 b6 32. cxb6 cxb6 33. Rf1 Bd7 34. Rd2 Rxd2 0-1

[Event "Online Olym Div2 B 2020"]
[Site "chess.com INT"]
[Date "2020.08.14"]
[Round "2.3"]
[Board "4"]
[White "Taweesupmun, Chanida"]
[Black "Varekha, Anna"]
[Result "0-1"]
[WhiteTitle "WCM"]
[WhiteElo "1604"]
[BlackElo "1707"]
[WhiteTeam "Thailand"]
[BlackTeam "Moldova"]
[WhiteFideId "6200117"]
[BlackFideId "13909940"]
[EventDate "2020.08.14"]
[EventType "team"]

1. d4 d5 2. Nf3 Nf6 3. c4 c6 4. Nc3 e6 5. e3 Nbd7 6. Qc2 Bd6 7. Bd3 dxc4 8. Bxc4
O-O 9. O-O c5 10. d5 Nb6 11. Be2 Nbxd5 12. e4 Nxc3 13. bxc3 e5 14. Bg5 h6 15.
Bh4 Qe7 16. Rfd1 b6 17. Nd2 Bb7 18. f3 Rad8 19. Nc4 Bc7 20. Ne3 Rxd1+ 21. Rxd1
Bd8 22. Bc4 Qc7 23. Bxf6 Bxf6 24. Qa4 Bc6 25. Bb5 Ba8 26. Rd7 Qb8 27. Nf5 Rd8
28. Qxa7 Qxa7 29. Rxa7 Bg5 30. Bc4 Kh8 31. Bxf7 Bc6 32. Kf2 Bf4 33. g3 Rd2+ 34.
Kg1 Bg5 35. h4 Bf6 36. Bg6 Rd8 37. Ne7 Bxe7 38. Rxe7 Rd1+ 39. Kg2 Rd2+ 40. Kh3
Rd8 41. Rc7 Bd7+ 42. g4 Be8 43. Bf5 Rd3 44. Rc8 g6 45. Rxe8+ Kg7 46. Be6 Rxf3+
47. Kg2 Rxc3 48. Rb8 Rc2+ 49. Kg3 Rb2 50. Bb3 Re2 51. Kf3 Re1 52. Rxb6 Rh1 53.
Kg3 Rg1+ 54. Kh2 Re1 55. Bd5 Re2+ 56. Kg3 Rc2 57. Rc6 Rc3+ 58. Kg2 Rc2+ 59. Kf3
Rc3+ 60. Ke2 Rg3 61. Be6 Rh3 62. Rxc5 Rxh4 63. Rxe5 Kf6 64. Rb5 Kxe6 65. Kf3
Rh3+ 66. Kf4 g5+ 67. Rxg5 hxg5+ 68. Kxg5 Ra3 69. Kh6 Rxa2 70. g5 Rg2 71. g6 Kf6
72. Kh7 Rh2+ 73. Kg8 Kxg6 0-1

[Event "Online Olym Div2 B 2020"]
[Site "chess.com INT"]
[Date "2020.08.14"]
[Round "2.3"]
[Board "5"]
[White "Macovei, Andrei"]
[Black "Laohawirapap, Prin"]
[Result "0-1"]
[WhiteTitle "IM"]
[WhiteElo "2453"]
[BlackElo "1913"]
[WhiteTeam "Moldova"]
[BlackTeam "Thailand"]
[WhiteFideId "13904680"]
[BlackFideId "6205003"]
[EventDate "2020.08.14"]
[EventType "team"]

1. e4 c5 2. Nf3 Nc6 3. Bb5 g6 4. Bxc6 dxc6 5. d3 Bg7 6. h3 Nf6 7. Nc3 Nd7 8. Be3
e5 9. Qd2 h6 10. O-O b6 11. a4 a5 12. Nh2 Nf8 13. f4 exf4 14. Rxf4 Ne6 15. Rf2
Nd4 16. Raf1 Ra7 17. b3 Be6 18. Ne2 Rd7 19. Nf4 h5 20. Nxe6 Nxe6 21. Nf3 O-O 22.
Bh6 Bxh6 23. Qxh6 Qf6 24. e5 Qg7 25. Qe3 Rd5 26. Re1 Re8 27. Kh1 Nd4 28. c4 Nxf3
29. Qxf3 Rdxe5 30. Rxe5 Rxe5 31. Rf1 Rf5 32. Qe2 Qe5 33. Qxe5 Rxe5 34. Rf6 Re6
35. Rxe6 fxe6 36. h4 Kg7 37. Kg1 Kf6 38. Kf2 g5 39. g3 gxh4 40. gxh4 Kf5 41. Kf3
e5 42. Kg3 e4 43. dxe4+ Kxe4 44. Kf2 Kf4 45. Ke2 Kg4 46. Ke3 Kxh4 47. Kf4 Kh3
48. Kf3 Kh2 49. Kf4 Kg2 50. Kg5 Kf3 51. Kxh5 Ke3 0-1

[Event "Online Olym Div2 B 2020"]
[Site "chess.com INT"]
[Date "2020.08.14"]
[Round "2.3"]
[Board "6"]
[White "Chuemsakul, Sarocha"]
[Black "Petricenco, Ana"]
[Result "0-1"]
[WhiteTitle "WFM"]
[WhiteElo "1668"]
[BlackElo "1720"]
[WhiteTeam "Thailand"]
[BlackTeam "Moldova"]
[WhiteFideId "6203710"]
[BlackFideId "13908596"]
[EventDate "2020.08.14"]
[EventType "team"]

1. d4 d6 2. c4 e5 3. d5 Be7 4. Nc3 Bg5 5. e3 c6 6. Be2 a6 7. dxc6 bxc6 8. Nf3
Be7 9. O-O Nf6 10. e4 O-O 11. Bg5 h6 12. Bxf6 Bxf6 13. h3 Be7 14. Qa4 Qb6 15.
Qa3 Re8 16. c5 dxc5 17. Nxe5 Qb7 18. Bc4 Be6 19. Bxe6 fxe6 20. Rab1 Nd7 21. Nc4
Qb4 22. Qa4 Nf6 23. e5 Nh7 24. Qxb4 cxb4 25. Ne4 Ng5 26. Ned6 Bxd6 27. Nxd6 Red8
28. Rbc1 Nf7 29. Rxc6 Nxe5 30. Rb6 a5 31. Re1 Nd3 32. Rxe6 Nxb2 33. Rb7 Ra6 34.
Rxg7+ Kxg7 35. Nf5+ Kf8 36. Rxa6 Rd5 37. Nxh6 Kg7 38. Ng4 Nd3 39. Ne3 Rc5 40. f3
Nc1 41. Ra7+ Kg6 42. g4 Nxa2 43. h4 b3 44. Ra6+ Kf7 45. Rb6 Nb4 46. Nd1 Rc1 47.
Rd6 b2 48. Kf2 b1=Q 49. Ne3 Qb2+ 50. Kg3 Qe5+ 0-1

[Event "Online Olym Div2 B 2020"]
[Site "chess.com INT"]
[Date "2020.08.14"]
[Round "2.4"]
[Board "1"]
[White "Gurbanov, Andrei"]
[Black "Ftacnik, Lubomir"]
[Result "0-1"]
[WhiteTitle "IM"]
[BlackTitle "GM"]
[WhiteElo "2298"]
[BlackElo "2510"]
[WhiteTeam "IPCA"]
[BlackTeam "Slovakia"]
[WhiteFideId "13503391"]
[BlackFideId "14900017"]
[EventDate "2020.08.14"]
[EventType "team"]

1. d4 Nf6 2. c4 g6 3. Nc3 d5 4. cxd5 Nxd5 5. Na4 Bg7 6. e4 Nb4 7. a3 N4c6 8. d5
Ne5 9. f4 Ned7 10. Nf3 c6 11. e5 cxd5 12. Qxd5 O-O 13. Be3 Nxe5 14. Qxe5 Bxe5
15. Nxe5 Nc6 16. Nxc6 bxc6 17. Nc5 Rb8 18. Rd1 Qa5+ 0-1

[Event "Online Olym Div2 B 2020"]
[Site "chess.com INT"]
[Date "2020.08.14"]
[Round "2.4"]
[Board "2"]
[White "Repkova, Eva"]
[Black "Yarmonov, Igor"]
[Result "1-0"]
[WhiteTitle "IM"]
[BlackTitle "IM"]
[WhiteElo "2300"]
[BlackElo "2391"]
[WhiteTeam "Slovakia"]
[BlackTeam "IPCA"]
[WhiteFideId "14900440"]
[BlackFideId "14114496"]
[EventDate "2020.08.14"]
[EventType "team"]

1. e4 c6 2. d4 d5 3. exd5 cxd5 4. Bd3 Nf6 5. h3 e6 6. Nf3 Bd6 7. O-O O-O 8. Bg5
Nbd7 9. Nbd2 a6 10. Re1 b5 11. Ne5 Qc7 12. Nxd7 Nxd7 13. Qh5 g6 14. Qh6 Bb7 15.
Nf3 Rfe8 16. Qh4 b4 17. Rac1 Rac8 18. Re2 Qb6 19. Rce1 a5 20. Bh6 Ba6 21. Bxa6
Qxa6 22. Ng5 Be7 23. Qf4 Bxg5 24. Bxg5 Rc6 25. Re3 Rxc2 26. Rf3 f5 27. h4 Qc6
28. h5 Rxb2 29. hxg6 hxg6 30. Rh3 Qc2 31. Qh4 1-0

[Event "Online Olym Div2 B 2020"]
[Site "chess.com INT"]
[Date "2020.08.14"]
[Round "2.4"]
[Board "3"]
[White "Jennitha, Anto K."]
[Black "Movsesian, Julia"]
[Result "1-0"]
[WhiteTitle "WIM"]
[BlackTitle "WGM"]
[WhiteElo "2001"]
[BlackElo "2342"]
[WhiteTeam "IPCA"]
[BlackTeam "Slovakia"]
[WhiteFideId "5018218"]
[BlackFideId "4139690"]
[EventDate "2020.08.14"]
[EventType "team"]

1. e4 d6 2. d4 Nf6 3. Nc3 Nbd7 4. Nf3 e5 5. dxe5 dxe5 6. Bc4 Be7 7. O-O O-O 8.
Qe2 c6 9. a3 b5 10. Ba2 a5 11. Rd1 Qc7 12. Bg5 Re8 13. a4 b4 14. Nb1 Nc5 15.
Bxf6 Bxf6 16. Bc4 Ne6 17. g3 h5 18. Nbd2 g6 19. Nb3 Kg7 20. Rd2 Rh8 21. h4 Re8
22. Qe3 Qe7 23. Re1 Nd4 24. Nfxd4 exd4 25. Qd3 Qf8 26. Nxd4 c5 27. Nb5 Ba6 28.
Red1 Rad8 29. Qe2 Rxd2 30. Rxd2 Bxb2 31. Nc7 Bxc4 32. Qxc4 Rc8 33. Rd7 Kg8 34.
Qd5 Bg7 35. e5 Kh8 36. e6 fxe6 37. Nxe6 Qf5 38. Qxf5 gxf5 39. Nxg7 c4 40. Nxf5
Rb8 41. Rd1 b3 42. cxb3 Rxb3 43. Rc1 c3 44. Ne3 1-0

[Event "Online Olym Div2 B 2020"]
[Site "chess.com INT"]
[Date "2020.08.14"]
[Round "2.4"]
[Board "4"]
[White "Cibickova, Zuzana"]
[Black "Gerasimova, Svetlana"]
[Result "1-0"]
[WhiteTitle "WGM"]
[BlackTitle "WFM"]
[WhiteElo "2256"]
[BlackElo "1916"]
[WhiteTeam "Slovakia"]
[BlackTeam "IPCA"]
[WhiteFideId "14905779"]
[BlackFideId "4145968"]
[EventDate "2020.08.14"]
[EventType "team"]

1. e4 c5 2. Nf3 Nc6 3. d4 cxd4 4. Nxd4 g6 5. c4 Bg7 6. Be3 Nf6 7. Nc3 O-O 8. Be2
d6 9. f3 a6 10. Qd2 Qc7 11. Rc1 Nd7 12. Nc2 Nce5 13. Nd5 Qd8 14. O-O e6 15. Nc3
Qc7 16. Na3 Rd8 17. Rfd1 Nf6 18. Na4 Qe7 19. Nb6 Rb8 20. c5 d5 21. Bf4 Nh5 22.
exd5 Nxf4 23. Qxf4 exd5 24. Nxd5 Qf8 25. b4 Be6 26. Nf6+ Bxf6 27. Qxf6 Nd7 28.
Qb2 Qh6 29. Nc4 Bxc4 30. Bxc4 Qe3+ 31. Qf2 Qxf2+ 32. Kxf2 Ne5 33. Be2 Kg7 34. a3
Nc6 35. Rxd8 Rxd8 36. Rd1 Rxd1 37. Bxd1 Kf6 38. Ke3 Ke5 39. f4+ Kf6 40. Bf3 Nd8
41. Ke4 Ke6 42. Kd4 f6 43. Bd5+ Kf5 44. Ke3 h5 45. Be4+ Ke6 46. Bxg6 h4 47. Be4
Ke7 48. Bd5 Kd7 49. Ke4 Ke7 50. a4 Nc6 51. Bxc6 bxc6 52. Kf5 Kf7 53. g4 h3 54.
g5 fxg5 55. Kxg5 Kg7 56. Kg4 Kg6 57. Kxh3 Kf5 58. Kg3 Ke4 59. h4 Kd4 60. h5 Kc4
61. h6 Kxb4 62. h7 Kxc5 63. h8=Q Kb4 64. Qd4+ Ka5 65. Qc4 c5 66. f5 Kb6 67. f6 1-0

[Event "Online Olym Div2 B 2020"]
[Site "chess.com INT"]
[Date "2020.08.14"]
[Round "2.4"]
[Board "5"]
[White "Lipilin, Ilia"]
[Black "Sahidi, Samir"]
[Result "0-1"]
[WhiteTitle "FM"]
[BlackTitle "FM"]
[WhiteElo "2189"]
[BlackElo "2400"]
[WhiteTeam "IPCA"]
[BlackTeam "Slovakia"]
[WhiteFideId "54113245"]
[BlackFideId "14936372"]
[EventDate "2020.08.14"]
[EventType "team"]

1. d4 Nf6 2. c4 e6 3. Nc3 Bb4 4. f3 d5 5. a3 Bxc3+ 6. bxc3 O-O 7. cxd5 exd5 8.
e3 c5 9. Bd3 b6 10. Ne2 Ba6 11. Bxa6 Nxa6 12. Qd3 Nc7 13. O-O Re8 14. Ng3 Ne6
15. Ra2 Qd7 16. Re2 Rad8 17. Bb2 h5 18. Rd1 Qa4 19. Nh1 c4 20. Qb1 Nf4 21. Ree1
Nd3 22. Rxd3 cxd3 23. Qxd3 b5 24. Ng3 Qc4 25. Qc2 a5 26. Qd2 Rb8 27. e4 dxe4 28.
Nxe4 Nxe4 29. fxe4 b4 30. axb4 axb4 31. cxb4 Rxb4 32. Ba1 Ra4 33. d5 Qc5+ 34.
Kh1 Raxe4 35. Rf1 Qe3 36. Qb2 Qg5 37. d6 Re1 38. Qf2 Rxf1+ 39. Qxf1 Qd2 40. d7
Qxd7 41. Bc3 Qe6 42. h3 Qe2 43. Qc1 Rc8 44. Qa1 Qc2 45. Be5 Qc1+ 46. Qxc1 Rxc1+
47. Kh2 Rc2 48. Kg3 f6 49. Bd4 Kf7 50. Kf3 Ke6 51. Be3 g5 52. g4 hxg4+ 53. hxg4
Ke5 54. Bb6 Rc3+ 55. Kg2 Kf4 56. Bd4 Rg3+ 57. Kh2 Kxg4 58. Bxf6 Rd3 59. Kg2 Rd2+
60. Kf1 Kf3 61. Ke1 Rd5 62. Bc3 g4 0-1

[Event "Online Olym Div2 B 2020"]
[Site "chess.com INT"]
[Date "2020.08.14"]
[Round "2.4"]
[Board "6"]
[White "Slaba, Andrea"]
[Black "Dorozhkina, Mariya"]
[Result "1-0"]
[BlackTitle "WFM"]
[WhiteElo "1969"]
[BlackElo "1705"]
[WhiteTeam "Slovakia"]
[BlackTeam "IPCA"]
[WhiteFideId "14940680"]
[BlackFideId "54132185"]
[EventDate "2020.08.14"]
[EventType "team"]

1. d4 Nf6 2. Nf3 g6 3. c4 Bg7 4. Nc3 d5 5. Qb3 dxc4 6. Qxc4 O-O 7. e4 b6 8. Be2
Ba6 9. Qb3 Bxe2 10. Kxe2 Qc8 11. e5 Nfd7 12. e6 Qa6+ 13. Qb5 fxe6 14. Qxa6 Nxa6
15. Ng5 Rf6 16. Nce4 Rf5 17. Nxe6 Bh8 18. g4 Rd5 19. Be3 Rb5 20. b3 c5 21. Rad1
cxd4 22. Nxd4 Ra5 23. a4 Ne5 24. h3 Rd5 25. f4 Nf7 26. Nc6 Rxd1 27. Rxd1 Kf8 28.
Rd7 Rc8 29. Nxa7 Rc2+ 30. Rd2 Rc1 31. Bxb6 Rh1 32. Nf2 Rh2 33. Kf3 Bc3 34. Re2
e5 35. Kg3 exf4+ 36. Kxh2 f3 37. Rc2 Be5+ 38. Kg1 Nb4 39. Rc8+ Kg7 40. Nc6 Nxc6
41. Rxc6 Ng5 42. a5 1-0

[Event "Online Olym Div2 B 2020"]
[Site "chess.com INT"]
[Date "2020.08.14"]
[Round "2.5"]
[Board "1"]
[White "Tin, Jingyao"]
[Black "Lupulescu, Constantin"]
[Result "0-1"]
[WhiteTitle "IM"]
[BlackTitle "GM"]
[WhiteElo "2464"]
[BlackElo "2656"]
[WhiteTeam "Singapore"]
[BlackTeam "Romania"]
[WhiteFideId "5804418"]
[BlackFideId "1207822"]
[EventDate "2020.08.14"]
[EventType "team"]

1. d4 d5 2. c4 e6 3. Nf3 Nf6 4. Nc3 Nbd7 5. Bf4 dxc4 6. e4 Bb4 7. Bxc4 Nxe4 8.
O-O Nxc3 9. bxc3 Bd6 10. Bg3 O-O 11. Ne5 Qe7 12. Re1 Re8 13. Re3 Nf8 14. Qh5 Ng6
15. Bd3 Bd7 16. Rf3 f5 17. Nxg6 hxg6 18. Qxg6 Qf7 19. Qg5 Bc6 20. Bxd6 Bxf3 21.
Be5 Bh5 22. h3 Qg6 23. Qe3 Qf7 24. Kh2 Bg6 25. Qg5 Bh7 26. Re1 Qg6 27. Qd2 Re7
28. Re3 Qh6 29. Qe2 f4 30. Bxh7+ Kxh7 31. Re4 Rf8 32. Qg4 g5 33. Re1 Rf5 34. Kg1
Ref7 35. Qf3 c6 36. a4 a6 37. a5 Kg8 38. Rb1 Rd7 39. Kh2 Kf7 40. Qe4 Qg6 41. Qf3
Rxe5 0-1

[Event "Online Olym Div2 B 2020"]
[Site "chess.com INT"]
[Date "2020.08.14"]
[Round "2.5"]
[Board "2"]
[White "Parligras, Mircea-Emilian"]
[Black "Liu, Xiangyi"]
[Result "1-0"]
[WhiteTitle "GM"]
[BlackTitle "IM"]
[WhiteElo "2591"]
[BlackElo "2377"]
[WhiteTeam "Romania"]
[BlackTeam "Singapore"]
[WhiteFideId "1204297"]
[BlackFideId "8605718"]
[EventDate "2020.08.14"]
[EventType "team"]

1. d4 Nf6 2. c4 g6 3. Nc3 d5 4. cxd5 Nxd5 5. e4 Nxc3 6. bxc3 Bg7 7. Nf3 c5 8. h3
O-O 9. Be3 Qa5 10. Bd2 Rd8 11. Be2 e6 12. O-O Nc6 13. a4 Qc7 14. Bg5 Rd7 15. Rc1
h6 16. Be3 b6 17. d5 exd5 18. exd5 Ne7 19. c4 Nf5 20. Bd2 Re7 21. Bd3 Nd4 22.
Nxd4 Bxd4 23. Qf3 Qd7 24. Bxh6 Qe8 25. Bg5 Re5 26. Bf6 Rh5 27. Rfe1 Qxa4 28.
Bxd4 cxd4 29. d6 Rb8 30. Ra1 Qb4 31. Re8+ Kg7 32. d7 Bb7 33. Rxb8 Bxf3 34. d8=Q
Bxg2 35. Kxg2 1-0

[Event "Online Olym Div2 B 2020"]
[Site "chess.com INT"]
[Date "2020.08.14"]
[Round "2.5"]
[Board "3"]
[White "Gong, Qianyun"]
[Black "Bulmaga, Irina"]
[Result "0-1"]
[WhiteTitle "WGM"]
[BlackTitle "IM"]
[WhiteElo "2333"]
[BlackElo "2434"]
[WhiteTeam "Singapore"]
[BlackTeam "Romania"]
[WhiteFideId "8602425"]
[BlackFideId "13903063"]
[EventDate "2020.08.14"]
[EventType "team"]

1. e4 c5 2. Nf3 Nc6 3. Bb5 g6 4. O-O Bg7 5. Re1 Nh6 6. d4 Nxd4 7. Nxd4 cxd4 8.
c3 O-O 9. cxd4 d5 10. e5 Nf5 11. Nc3 Qb6 12. g4 Nxd4 13. Be3 Bxe5 14. Nxd5 Qxb5
15. Nxe7+ Kg7 16. Bxd4 f6 17. a4 Qd7 18. Rxe5 fxe5 19. Bxe5+ Kf7 20. Qb3+ Qe6
21. Qe3 Qxe7 22. Re1 Kg8 23. Qc3 Qf7 24. Bd4 Bxg4 25. Qg3 h5 26. h3 Bf5 27. Re5
Rad8 28. Bc3 Rfe8 29. Kh2 Rxe5 30. Qxe5 Kh7 31. f4 Re8 32. Qd4 a6 33. Kg3 Qe7
34. Qd5 Qe3+ 35. Kh4 Qxf4# 0-1